Metodický rozbor časti tematického celku Zásobovanie podniku so zameraním na rozumovú a pracovnú výchovu záverečná práca

Saved in:
Bibliographic Details
Main Author: Eibnerová, Marcela
Corporate Author: Vysoká škola ekonomická v Bratislave. Národohospodárska fakulta
Other Authors: Kontšek, Ján
Format: Book
Language:Slovak
Published: Bratislava 1987
Tags: Add Tag
No Tags, Be the first to tag this record!

MARC

LEADER 00000nam a2200000 4500
001 c037277
005 20230116095118.9
041 0 |a slo 
044 |a SK 
245 1 0 |a Metodický rozbor časti tematického celku Zásobovanie podniku so zameraním na rozumovú a pracovnú výchovu  |b záverečná práca  |c Marcela Eibnerová ; Ved. práce Ján Kontšek 
264 1 |a Bratislava  |c 1987 
300 |a 56 s. 
100 1 |a Eibnerová, Marcela 
700 1 |a Kontšek, Ján 
710 2 |a Vysoká škola ekonomická v Bratislave. Národohospodárska fakulta